Dohovor o právomoci a o uznávaní a výkone rozsudkov v občianskych a obchodných veciach
Dohovor sa uplatní v občianskych a obchodných veciach bez ohľadu na povahu súdu alebo tribunálu. Neuplatní sa najmä na daňové, colné alebo správne veci. Štát viazaný týmto dohovorom je každý štát, ktorý je zmluvnou stranou dohovoru alebo členským štátom ES.
Na minha lista:
| Formato: | Capítulo de Livro |
|---|---|
| Idioma: | eslovaco |
| Assuntos: | |
| Tags: |
Sem tags, seja o primeiro a adicionar uma tag!
|
MARC
| LEADER | 00000naa$a2200000$$$4500 | ||
|---|---|---|---|
| 001 | 0099738 | ||
| 005 | 20230927074117.9 | ||
| 041 | 0 | |a slo | |
| 044 | |a SK | ||
| 245 | 1 | 0 | |a Dohovor o právomoci a o uznávaní a výkone rozsudkov v občianskych a obchodných veciach |
| 520 | |a Dohovor sa uplatní v občianskych a obchodných veciach bez ohľadu na povahu súdu alebo tribunálu. Neuplatní sa najmä na daňové, colné alebo správne veci. Štát viazaný týmto dohovorom je každý štát, ktorý je zmluvnou stranou dohovoru alebo členským štátom ES. | ||
| 610 | 2 | 0 | |a zákonodarstvo obchodné |
| 610 | 2 | 0 | |a výkon rozhodnutia |
| 610 | 2 | 0 | |a sankcie občianskoprávne |
| 610 | 2 | 0 | |a Európska únia |